[Event "ITA-ch U16 Girls"]
[Site "Courmayeur"]
[Date "2013.06.30"]
[Round "1"]
[White "Santeramo, Alessia Carmen"]
[Black "Ramundi, Claudia"]
[Result "1-0"]
[WhiteElo "1925"]
[BlackElo "1581"]
[PlyCount "75"]
[EventDate "2013.06.30"]
[EventType "swiss"]
[EventRounds "9"]
[EventCountry "ITA"]
[SourceTitle "EXT 2015"]
[Source "ChessBase"]
[SourceDate "2014.11.20"]
[SourceVersion "1"]
[SourceVersionDate "2014.11.20"]
[SourceQuality "1"]

1. e4 e5 2. Nf3 Nc6 3. Bb5 d6 4. d4 Bd7 5. 0-0 Nf6 6. Re1 Be7 7. Nc3 0-0 8. Bxc6 bxc6 9. dxe5 dxe5 10. Nxe5 h6 11. Nxd7 Nxd7 12. Bf4 Re8 13. Qf3 Bd6 14. Bxd6 cxd6 15. Rad1 Ne5 16. Qg3 Qf6 17. Ne2 Rad8 18. Nf4 g6 19. b3 Kh7 20. h3 g5 21. Nd3 Qg6 22. Nxe5 dxe5 23. Qe3 Ra8 24. Rd7 a5 25. f3 Qe6 26. Red1 Qg6 27. Qc5 Re6 28. a4 Ree8 29. R1d6 Re6 30. Rxe6 Qxe6 31. Rd6 Qe8 32. Qxc6 Qf8 33. Qd5 Qe8 34. Qc6 Qf8 35. Qd5 Qe8 36. Rd7 Kg7 37. c4 Rb8 38. Rb7 1-0

[Event "Abruzzo Region-ch"]
[Site "Cappelle sul Tavo"]
[Date "2013.05.12"]
[Round "3"]
[White "Ramundi, Claudia"]
[Black "Coronel, Joshua"]
[Result "0-1"]
[WhiteElo "1581"]
[BlackElo "1948"]
[PlyCount "80"]
[EventDate "2013.05.11"]
[EventType "swiss"]
[EventRounds "7"]
[EventCountry "ITA"]
[SourceTitle "EXT 2015"]
[Source "ChessBase"]
[SourceDate "2014.11.20"]
[SourceVersion "1"]
[SourceVersionDate "2014.11.20"]
[SourceQuality "1"]

1. e4 c5 2. Nc3 Nc6 3. f4 g6 4. Nf3 Bg7 5. Bb5 Nd4 6. 0-0 Nxb5 7. Nxb5 d5 8. d3 e6 9. Nc3 Ne7 10. Qe1 a6 11. a4 0-0 12. Qg3 f5 13. e5 Nc6 14. Ne2 Rb8 15. Bd2 b5 16. axb5 axb5 17. d4 c4 18. Nc3 Qb6 19. Qf2 Rf7 20. Ra2 Ra7 21. Rfa1 Rba8 22. Rxa7 Rxa7 23. Rxa7 Nxa7 24. Na2 Qa6 25. Nb4 Qa1+ 26. Qe1 Qxb2 27. Bc3 Qa3 28. Qd2 Bf8 29. Qe1 Bd7 30. Qd2 Nc6 31. Nxc6 Bxc6 32. Ng5 b4 33. Bxb4 Bxb4 34. Qf2 Qc1+ 35. Qf1 Qxf1+ 36. Kxf1 Ba4 37. Nxe6 Bxc2 38. Ke2 Bd3+ 39. Kd1 c3 40. Kc1 c2 0-1